| 000 | 00719nam a2200193 a 4500 | ||
|---|---|---|---|
| 005 | 20241109063738.0 | ||
| 008 | 160210s2012 mx r 000 0 spa d | ||
| 020 | _a9786078211630 | ||
| 035 | _aUPN01000208130 | ||
| 049 | _aCG | ||
| 050 | 4 |
_aK3275 _bM6.2 |
|
| 100 | 1 |
_aMorales Sánchez, Julieta _938935 |
|
| 245 | 1 | 3 |
_aLa Convención Internacional sobre la Protección de los Derechos de Todos los Trabajadores Migratorios y de sus Familiares / _cJulieta Morales Sánchez. |
| 260 |
_aMéxico : _bCNDH, _c2012. |
||
| 300 | _a77, [6] p. | ||
| 440 | 0 |
_aColección del sistema universal de protección de los derechos humanos ; _v9 |
|
| 650 | 4 |
_aEmigración e inmigración _xLeyes y legislación _918440 |
|
| 905 | _aLibro | ||
| 999 |
_c180231 _d180231 |
||